Statistics for Countries of Micronesia

Click here to take the quiz!

General Stats

  • This quiz has been taken 103 times
  • The average score is 4 of 5

Answer Stats

Country% Correct
Palau
88%
Marshall islands
85%
Federated States of Micronesia
84%
Kiribati
81%
Nauru
79%

Score Distribution

Percentile by Number Answered

Percent of People with Each Score

Your Score History

You have not taken this quiz